[Event "SR 4. liga A21 2015/2016"]
[Site "?"]
[Date "2016.01.24"]
[Round "7.5"]
[White "Klimes, Karel"]
[Black "Bajcar, Pavol"]
[Result "1-0"]
[WhiteElo "1683"]
[BlackElo "1754"]
[PlyCount "75"]
[EventDate "2015.??.??"]

1. e4 e6 2. c4 d5 3. cxd5 exd5 4. e5 Bf5 5. d4 Nd7 6. Nf3 Bb4+ 7. Bd2 Qe7 8.
Qb3 Bxd2+ 9. Nbxd2 Nb6 10. Bd3 Bxd3 11. Qxd3 h6 12. Qb5+ Qd7 13. Qxd7+ Nxd7 14.
Nb3 Ne7 15. Rc1 c6 16. O-O O-O 17. Nh4 Rac8 18. f4 Nb6 19. Nc5 Rc7 20. b3 Nd7
21. Nd3 g6 22. f5 g5 23. f6 gxh4 24. fxe7 Re8 25. Nf4 Rxe7 26. Nxd5 Nf8 27.
Nxc7 Rxc7 28. d5 c5 29. d6 Rc6 30. Rc4 h3 31. Rfc1 b6 32. b4 Nd7 33. Re4 hxg2
34. b5 Rc8 35. e6 fxe6 36. Rxe6 c4 37. Re7 Nf6 38. Rxa7 1-0

[Event "SR 4. liga A21 2015/2016"]
[Site "?"]
[Date "2016.01.24"]
[Round "7.5"]
[White "Podjavorinsky, Peter"]
[Black "Wallner, Juraj"]
[Result "1-0"]
[WhiteElo "1677"]
[BlackElo "1534"]
[PlyCount "85"]
[EventDate "2015.??.??"]

1. e4 c5 2. Nf3 Nc6 3. Bc4 e6 4. Nc3 Nf6 5. e5 d5 6. exd6 Bxd6 7. d4 cxd4 8.
Nxd4 O-O 9. Nxc6 bxc6 10. Bg5 Be7 11. Qxd8 Bxd8 12. O-O Nd5 13. Ne4 Bc7 14. Bh4
Be5 15. c3 Rb8 16. Bb3 f5 17. Nc5 Bd6 18. Nd3 h6 19. f4 Ba6 20. c4 Nf6 21. Bxf6
Rxf6 22. Rfe1 Bc7 23. Ne5 Bxe5 24. Rxe5 Bb7 25. c5 Kf7 26. Rd1 Re8 27. Rd6 Re7
28. Ba4 Rc7 29. b4 a6 30. Bb3 Re7 31. a4 g5 32. fxg5 hxg5 33. Bc4 g4 34. b5
axb5 35. axb5 Rc7 36. bxc6 Bxc6 37. Bxe6+ Kg6 38. Bxf5+ Kg7 39. Bxg4 Rcf7 40.
Rxf6 Kxf6 41. Re6+ Kg5 42. Rxc6 Kxg4 43. Rg6+ 1-0

[Event "SR 4. liga A21 2015/2016"]
[Site "?"]
[Date "2016.01.24"]
[Round "7.5"]
[White "Tomasovic, Pavol"]
[Black "Madzo, Anton"]
[Result "1/2-1/2"]
[WhiteElo "1319"]
[BlackElo "1513"]
[PlyCount "129"]
[EventDate "2015.??.??"]

1. e4 e6 2. d4 d6 3. Nf3 h6 4. Bd3 Be7 5. O-O Nf6 6. Nc3 Nh7 7. Bf4 Bd7 8. e5
Nf8 9. exd6 Bxd6 10. Qd2 a6 11. Rfe1 Ng6 12. Bxd6 cxd6 13. d5 e5 14. Bxg6 fxg6
15. Re3 O-O 16. Rae1 Bf5 17. Ne4 Bxe4 18. Rxe4 Nd7 19. Rg4 g5 20. Rge4 Rc8 21.
c3 Nf6 22. Rb4 b5 23. a4 Rc5 24. axb5 Rxd5 25. Qe2 axb5 26. Rxb5 Rxb5 27. Qxb5
Qb8 28. Qxb8 Rxb8 29. b4 Kf7 30. h3 Nd7 31. Nd2 Ke6 32. Rb1 d5 33. f3 Nb6 34.
Kf2 h5 35. g3 Ra8 36. Rb2 g6 37. Ke3 Ra3 38. Rc2 Kf5 39. g4+ Ke6 40. Kd3 Ra1
41. Nb3 Rh1 42. Nc5+ Kd6 43. Nb3 Rxh3 44. Ke3 hxg4 45. Rf2 Nc4+ 46. Ke2 g3 47.
Rf1 Rh2+ 48. Kd3 Nb2+ 49. Ke3 Rc2 50. Rc1 Rxc1 51. Nxc1 Kc6 52. Ne2 Nc4+ 53.
Kd3 g2 54. Ng1 Nd6 55. Ke2 Nf5 56. Kf2 Nh4 57. Nh3 Nxf3 58. Kxf3 d4 59. cxd4
exd4 60. Kxg2 Kb5 61. Nxg5 Kxb4 62. Kf2 Kc3 63. Nf3 d3 64. Ke3 Kc2 65. Ne1+
1/2-1/2

[Event "SR 4. liga A21 2015/2016"]
[Site "?"]
[Date "2016.01.24"]
[Round "7.6"]
[White "Diviak, Rastislav"]
[Black "Lanik, Miroslav"]
[Result "1/2-1/2"]
[WhiteElo "1960"]
[BlackElo "1893"]
[PlyCount "73"]
[EventDate "2015.??.??"]

1. e4 c5 2. Nf3 d6 3. d4 cxd4 4. Nxd4 Nf6 5. Nc3 a6 6. Bc4 e6 7. Bb3 Bd7 8. O-O
Nc6 9. Be3 Be7 10. f4 O-O 11. Qe2 Qc7 12. f5 Nxd4 13. Bxd4 b5 14. Rad1 b4 15.
e5 dxe5 16. Bxe5 Qb6+ 17. Kh1 bxc3 18. Bxf6 Bb5 19. Bd4 Bxe2 20. Bxb6 Bxf1 21.
Rxf1 cxb2 22. fxe6 fxe6 23. Re1 Kh8 24. Bd4 Bf6 25. Bc5 Bc3 26. Rb1 Rf5 27. Ba3
Re5 28. g3 Rd8 29. Bxb2 Bxb2 30. Rxb2 Re2 31. Rb1 g6 32. c4 Rdd2 33. c5 Rxh2+
34. Kg1 Rhg2+ 35. Kf1 Rgf2+ 36. Ke1 Rfe2+ 37. Kf1 1/2-1/2

[Event "SR 4. liga A21 2015/2016"]
[Site "?"]
[Date "2016.01.24"]
[Round "7.6"]
[White "Palka, Miroslav"]
[Black "Buran, Andrej ml"]
[Result "1-0"]
[WhiteElo "1899"]
[BlackElo "1587"]
[PlyCount "41"]
[EventDate "2015.??.??"]

1. c4 e5 2. Nc3 Nf6 3. e4 Bc5 4. g3 O-O 5. Bg2 d6 6. Nge2 Be6 7. d3 h6 8. O-O
Nc6 9. Rb1 Qd7 10. Nd5 Bxd5 11. cxd5 Nd4 12. Be3 Nxe2+ 13. Qxe2 Bxe3 14. fxe3
Qa4 15. b3 Qa6 16. Rbc1 Rac8 17. Bh3 Nxe4 18. Bxc8 Rxc8 19. Qg4 Rf8 20. dxe4
Qd3 21. Qf3 1-0

[Event "SR 4. liga A21 2015/2016"]
[Site "?"]
[Date "2016.01.24"]
[Round "7.6"]
[White "Trojkova, Michaela"]
[Black "Havlicek, Peter"]
[Result "1/2-1/2"]
[WhiteElo "1565"]
[BlackElo "1748"]
[PlyCount "64"]
[EventDate "2015.??.??"]

1. f4 d5 2. Nf3 Nc6 3. e3 Bg4 4. Be2 Bxf3 5. Bxf3 Nf6 6. b3 e5 7. fxe5 Nxe5 8.
Bb2 Bd6 9. O-O O-O 10. d3 c6 11. Nd2 Qc7 12. h3 Rae8 13. Qe1 Re6 14. Qh4 Ng6
15. Qe1 Bg3 16. Qc1 Rxe3 17. Bxf6 gxf6 18. Ne4 dxe4 19. Qxe3 exf3 20. Rxf3 Bf4
21. Qxa7 Re8 22. Raf1 Re2 23. R1f2 Re1+ 24. Rf1 Rxf1+ 25. Rxf1 Qe7 26. Rxf4
Nxf4 27. Qb8+ Kg7 28. Qxf4 Qe1+ 29. Kh2 Qb1 30. c4 Qxa2 31. Qg4+ Kh6 32. Qf5
Kg7 1/2-1/2

[Event "SR 4. liga A21 2015/2016"]
[Site "?"]
[Date "2016.01.24"]
[Round "7.6"]
[White "Fidericky, Milan"]
[Black "Drozd, Jan"]
[Result "1-0"]
[WhiteElo "1746"]
[BlackElo "1560"]
[PlyCount "59"]
[EventDate "2015.??.??"]

1. d4 Nf6 2. c4 g6 3. Nc3 Bg7 4. e4 d6 5. Be2 O-O 6. Nf3 c5 7. d5 e5 8. O-O a6
9. a3 Bg4 10. h3 Bxf3 11. Bxf3 Nbd7 12. b4 Ne8 13. Qc2 f5 14. Rb1 Rb8 15. bxc5
Nxc5 16. Be3 fxe4 17. Nxe4 b6 18. Nxc5 bxc5 19. Rxb8 Qxb8 20. Rb1 Qa7 21. Rb3
Nf6 22. Qb1 Rf7 23. Rb8+ Rf8 24. Rb7 Qa8 25. Bg5 Rd8 26. Bg4 Rf8 27. Be6+ Kh8
28. Qb6 Rd8 29. Bxf6 Bxf6 30. Qc7 1-0

[Event "SR 4. liga A21 2015/2016"]
[Site "?"]
[Date "2016.01.24"]
[Round "7.6"]
[White "Petrek, David"]
[Black "Lauko, Tomas"]
[Result "1-0"]
[WhiteElo "1275"]
[BlackElo "1693"]
[PlyCount "151"]
[EventDate "2015.??.??"]

1. e4 d5 2. exd5 Qxd5 3. Nf3 Nf6 4. Be2 Nc6 5. d3 e5 6. Nc3 Bb4 7. O-O Bxc3 8.
bxc3 Be6 9. Ba3 Qa5 10. Bb2 Rd8 11. Re1 h6 12. Bf1 e4 13. Nd2 exd3 14. cxd3 O-O
15. d4 Ng4 16. Bc4 Qf5 17. f3 Nf6 18. Bxe6 fxe6 19. Qb3 Rfe8 20. Qxb7 Qc2 21.
Qxc6 Qxb2 22. Nb3 Nd5 23. Rxe6 Rf8 24. Rxh6 Nf4 25. Rg6 Rd6 26. Qc4+ Kh7 27.
Rg4 Rg6 28. Rh4+ Rh6 29. Rxh6+ Kxh6 30. Qf1 Rf5 31. Qf2 Qxc3 32. Qd2 Qc6 33.
Rc1 Qg6 34. Rc5 Kh7 35. Qc2 Rxc5 36. Qxg6+ Kxg6 37. dxc5 Kf5 38. Kf2 Ke5 39. g3
Ne6 40. Ke3 Kd5 41. Kd3 Ng5 42. Ke3 Kc4 43. h4 Nf7 44. f4 Kb4 45. Ke4 a5 46.
Kd5 a4 47. Kc6 axb3 48. axb3 Nh6 49. Kxc7 Kxc5 50. Kd7 Nf5 51. Ke6 Nxg3 52. Kf7
Kb4 53. Kxg7 Nh5+ 54. Kg6 Nxf4+ 55. Kg5 Ne6+ 56. Kf5 Nd4+ 57. Kf6 Nxb3 58. h5
Nc5 59. h6 Nd7+ 60. Kg7 Nb6 61. h7 Kc5 62. h8=Q Nd5 63. Qh5 Kd4 64. Qd1+ Kc5
65. Kf7 Kd6 66. Qd4 Kc6 67. Ke6 Nc7+ 68. Ke5 Nb5 69. Qd5+ Kb6 70. Qc4 Nc7 71.
Kd6 Na6 72. Qc6+ Ka5 73. Qb7 Nb4 74. Kc5 Nd3+ 75. Kd4 Nb4 76. Kc4 1-0

[Event "SR 4. liga A21 2015/2016"]
[Site "?"]
[Date "2016.02.07"]
[Round "8.1"]
[White "Kubis, Ivan"]
[Black "Lanik, Miroslav"]
[Result "1/2-1/2"]
[WhiteElo "1953"]
[BlackElo "1896"]
[PlyCount "47"]
[EventDate "2015.??.??"]

1. e4 c5 2. Nf3 d6 3. d4 cxd4 4. Nxd4 Nf6 5. Nc3 a6 6. Bg5 e6 7. f4 b5 8. e5
dxe5 9. fxe5 Qc7 10. Qe2 Nfd7 11. O-O-O Nc6 12. g3 Nxd4 13. Rxd4 Bb7 14. Bg2
Bc5 15. Rxd7 Qxd7 16. Rd1 Qc7 17. Ne4 Bxe4 18. Bxe4 Rc8 19. h4 Be7 20. a4 Qc4
21. Qd2 Bxg5 22. hxg5 O-O 23. Bd3 Qxa4 24. Qh2 1/2-1/2

[Event "SR 4. liga A21 2015/2016"]
[Site "?"]
[Date "2016.02.07"]
[Round "8.1"]
[White "Palka, Miroslav"]
[Black "Valla, Tomas"]
[Result "0-1"]
[WhiteElo "1927"]
[BlackElo "1805"]
[PlyCount "38"]
[EventDate "2015.??.??"]

1. c4 Nf6 2. d4 e6 3. g3 c5 4. Bg2 cxd4 5. Nf3 Nc6 6. Nxd4 Bc5 7. Nb3 Be7 8.
O-O O-O 9. Nc3 a6 10. e4 Qc7 11. Be3 b6 12. Rc1 d6 13. f4 Bb7 14. f5 Ne5 15.
Nd2 Nd3 16. Rc2 Nb4 17. Rc1 Nd3 18. Rb1 Rac8 19. Qe2 Ne5 0-1

[Event "SR 4. liga A21 2015/2016"]
[Site "?"]
[Date "2016.02.07"]
[Round "8.1"]
[White "Zajicek, Ferdinand"]
[Black "Zisek, Jaroslav"]
[Result "1-0"]
[WhiteElo "1756"]
[BlackElo "1811"]
[PlyCount "137"]
[EventDate "2015.??.??"]

1. e4 c5 2. Nf3 d6 3. Nc3 Nf6 4. a3 Nc6 5. Bc4 e6 6. d3 a6 7. O-O b5 8. Ba2 Bb7
9. Ne2 Be7 10. Ng3 O-O 11. Be3 Qc7 12. Qc1 Rad8 13. Ng5 d5 14. exd5 Nxd5 15.
N5e4 Nxe3 16. fxe3 Ne5 17. Rf2 Kh8 18. Qf1 Bh4 19. Rf4 Bxg3 20. hxg3 Ng6 21.
Rf2 Bxe4 22. dxe4 Qxg3 23. Rf3 Qc7 24. Qf2 Kg8 25. Rf1 c4 26. Rh3 Qe5 27. b3
Qb2 28. Bb1 cxb3 29. cxb3 Qxf2+ 30. Rxf2 Rd1+ 31. Rf1 Rxf1+ 32. Kxf1 Rc8 33.
Ke2 Rc3 34. a4 Rxb3 35. Bc2 Rb2 36. Kd3 bxa4 37. Bxa4 Rxg2 38. Rh5 e5 39. Rh1
Ra2 40. Bb3 Rb2 41. Kc3 Re2 42. Kd3 Rf2 43. Ra1 h5 44. Rxa6 h4 45. Rxg6 Kh7 46.
Rg4 g6 47. Rxh4+ Kg7 48. Rh1 f6 49. Bd1 Ra2 50. Bc2 Ra8 51. Rh2 Rd8+ 52. Ke2
Rd7 53. Ke1 Rd6 54. Rd2 Rb6 55. Kf2 Rc6 56. Bd1 Rb6 57. Kf3 Rb7 58. Ba4 Rb6 59.
Be8 Rb1 60. Rg2 g5 61. Bd7 Rb7 62. Bf5 Rb1 63. Rh2 Ra1 64. Rh7+ Kg8 65. Rb7 Rg1
66. Kf2 Rh1 67. Be6+ Kh8 68. Rf7 Rh4 69. Kf3 1-0

[Event "SR 4. liga A21 2015/2016"]
[Site "?"]
[Date "2016.02.07"]
[Round "8.1"]
[White "Fidericky, Milan"]
[Black "Kastler, Peter"]
[Result "1/2-1/2"]
[WhiteElo "1751"]
[BlackElo "1756"]
[PlyCount "60"]
[EventDate "2015.??.??"]

1. d4 d5 2. c4 e6 3. Nc3 Nf6 4. Bg5 Be7 5. Nf3 O-O 6. Rc1 b6 7. e3 Bb7 8. cxd5
Nxd5 9. Bxe7 Qxe7 10. Be2 c6 11. O-O Nd7 12. a3 Rac8 13. Qd2 N7f6 14. Bd3 Rc7
15. e4 Nxc3 16. Qxc3 Rfc8 17. e5 Nd5 18. Qd2 c5 19. dxc5 Rxc5 20. Rxc5 Rxc5 21.
Re1 Qc7 22. h3 Ne7 23. Qe3 Ng6 24. Qg5 h6 25. Qg3 Bxf3 26. Bxg6 Bb7 27. Bd3 Rc1
28. Qe3 Qc6 29. f3 Rxe1+ 30. Qxe1 Qc5+ 1/2-1/2

[Event "SR 4. liga A21 2015/2016"]
[Site "?"]
[Date "2016.02.07"]
[Round "8.1"]
[White "Papanek, Lubomir"]
[Black "Barcaj, Jaroslav"]
[Result "0-1"]
[WhiteElo "1659"]
[BlackElo "1620"]
[PlyCount "120"]
[EventDate "2015.??.??"]

1. e4 c5 2. Bc4 a6 3. a4 e6 4. Nf3 Nc6 5. c3 b6 6. d3 Bb7 7. Bf4 Nge7 8. O-O
Ng6 9. Bg3 Be7 10. d4 cxd4 11. cxd4 Na5 12. Bd3 d5 13. e5 O-O 14. Nbd2 Rc8 15.
Qe2 Ra8 16. h4 Qd7 17. h5 Nh8 18. Ne1 f5 19. f4 Nf7 20. Nef3 Rfc8 21. b3 Nh6
22. Rfc1 Rxc1+ 23. Rxc1 Bb4 24. Qd1 Ng4 25. Nf1 Qf7 26. N3h2 Qxh5 27. Nxg4 Qxg4
28. Qxg4 fxg4 29. Rc7 Rc8 30. Rxc8+ Bxc8 31. Bc2 Bc3 32. Bf2 b5 33. axb5 axb5
34. Ng3 Nc6 35. Ne2 Ba5 36. Kf1 Ba6 37. Be1 b4 38. Bf2 Bb6 39. f5 exf5 40. Bxf5
Bxd4 41. Be6+ Kf8 42. Bxd5 Bxf2 43. Bxc6 Bd4 44. e6 Ke7 45. Bd5 Bd3 46. Ke1 Be5
47. Kd2 Bf5 48. Ke3 Bxe6 49. Bxe6 Kxe6 50. Ke4 h5 51. Nc1 g5 52. Nd3 Bd6 53.
Nb2 h4 54. Nc4 h3 55. gxh3 gxh3 56. Kf3 g4+ 57. Kf2 Bc5+ 58. Kg3 Bd6+ 59. Kf2
g3+ 60. Kg1 Bc5+ 0-1

[Event "SR 4. liga A21 2015/2016"]
[Site "?"]
[Date "2016.02.07"]
[Round "8.2"]
[White "Podjavorinsky, Michal"]
[Black "Ocko, Martin"]
[Result "1-0"]
[WhiteElo "1941"]
[BlackElo "1936"]
[PlyCount "107"]
[EventDate "2015.??.??"]

1. e4 c5 2. d3 e6 3. Nc3 Nc6 4. g3 g6 5. Bg2 Bg7 6. Nge2 a6 7. Be3 b6 8. O-O
Nge7 9. Qd2 O-O 10. Bh6 Nd4 11. Bxg7 Kxg7 12. Nd1 Bb7 13. c3 Nxe2+ 14. Qxe2 d5
15. e5 Nc6 16. f4 b5 17. Nf2 b4 18. Qd2 h5 19. Rfc1 Qe7 20. d4 c4 21. Rab1 Rac8
22. Nd1 a5 23. Ne3 Na7 24. Bh3 Kg8 25. Rf1 Rc7 26. g4 Qh4 27. Qg2 Kh7 28. Qf3
Qe7 29. Kh1 bxc3 30. bxc3 Nb5 31. gxh5 Nxc3 32. f5 g5 33. fxe6 Ne4 34. Bf5+ Kh8
35. Bxe4 dxe4 36. Qf6+ Qxf6 37. Rxf6 c3 38. d5 c2 39. Rc1 Rc3 40. e7 Ra8 41. d6
Bc6 42. Rxc2 Rxc2 43. Nxc2 Rb8 44. Ne3 Kg8 45. h6 Rb1+ 46. Kg2 Rb2+ 47. Rf2 Rb8
48. Kg3 a4 49. Ng4 e3 50. Nxe3 Rb1 51. h7+ Kxh7 52. Rxf7+ Kg6 53. Rf8 Rg1+ 54.
Kf2 1-0

[Event "SR 4. liga A21 2015/2016"]
[Site "?"]
[Date "2016.02.07"]
[Round "8.2"]
[White "Danada, Ondrej"]
[Black "Miciak, Emanuel"]
[Result "1-0"]
[WhiteElo "1944"]
[BlackElo "1844"]
[PlyCount "57"]
[EventDate "2015.??.??"]

1. e4 c5 2. Nf3 d6 3. d4 cxd4 4. Nxd4 Nf6 5. Nc3 a6 6. Bg5 e6 7. f4 Be7 8. Qf3
Nbd7 9. O-O-O Qc7 10. g4 b5 11. Bxf6 gxf6 12. f5 Ne5 13. Qh3 Bd7 14. fxe6 fxe6
15. g5 fxg5 16. Nxe6 Bxe6 17. Qxe6 Qd7 18. Qd5 Rb8 19. Be2 g4 20. Qb3 Rf8 21.
a4 Bg5+ 22. Kb1 Nf3 23. Qd5 b4 24. Na2 Bf4 25. Bxa6 Qxa4 26. Qe6+ Kd8 27. Rxd6+
Bxd6 28. Qxd6+ Ke8 29. Qe6+ 1-0

[Event "SR 4. liga A21 2015/2016"]
[Site "?"]
[Date "2016.02.07"]
[Round "8.2"]
[White "Smrek, Peter"]
[Black "Diviak, Rudolf"]
[Result "1-0"]
[WhiteElo "1811"]
[BlackElo "1802"]
[PlyCount "91"]
[EventDate "2015.??.??"]

1. e4 d6 2. d4 Nf6 3. Nc3 g6 4. Be2 Bg7 5. f4 c6 6. Nf3 Bg4 7. h3 Bxf3 8. Bxf3
O-O 9. e5 dxe5 10. fxe5 Nd5 11. Nxd5 cxd5 12. O-O e6 13. Kh1 Nc6 14. c3 Qb6 15.
Qb3 Qxb3 16. axb3 a6 17. b4 Rac8 18. Bd2 Rc7 19. Be2 Rfc8 20. Bd3 Ne7 21. g4
Nc6 22. b5 axb5 23. Bxb5 Bf8 24. Ra4 Kg7 25. h4 h6 26. Bd3 Be7 27. h5 Rf8 28.
hxg6 fxg6 29. Rxf8 Bxf8 30. b4 Rf7 31. Kg2 Be7 32. b5 Nd8 33. Ra8 Rf8 34. c4
Bh4 35. Be3 Be7 36. c5 g5 37. Rc8 Kg8 38. c6 bxc6 39. bxc6 Nxc6 40. Rxc6 Rb8
41. Rxe6 Kf7 42. Bf5 Rb3 43. Bf2 Rb2 44. Rxh6 Bb4 45. Rf6+ Ke7 46. Rb6 1-0

[Event "SR 4. liga A21 2015/2016"]
[Site "?"]
[Date "2016.02.07"]
[Round "8.2"]
[White "Ulehla, Jakub"]
[Black "Podjavorinsky, Peter"]
[Result "1/2-1/2"]
[WhiteElo "1681"]
[BlackElo "1690"]
[PlyCount "63"]
[EventDate "2015.??.??"]

1. e4 a6 2. d4 b5 3. Nf3 Bb7 4. Bd3 Nf6 5. Nbd2 e6 6. O-O c5 7. c3 cxd4 8. cxd4
Be7 9. b3 O-O 10. Bb2 Nc6 11. Rc1 Qb6 12. Qe2 Rac8 13. Bb1 g6 14. Rfd1 Rfe8 15.
Nf1 Nh5 16. Qd2 Na7 17. Ng3 Nxg3 18. hxg3 Rxc1 19. Rxc1 Rc8 20. Qf4 Rxc1+ 21.
Bxc1 Qd8 22. Bb2 Nc8 23. d5 exd5 24. exd5 Nd6 25. Qd4 f6 26. Be4 Qe8 27. Nh2
Nxe4 28. Qxe4 Qf7 29. Ng4 Qxd5 30. Qxd5+ Bxd5 31. Nxf6+ Bxf6 32. Bxf6 1/2-1/2

[Event "SR 4. liga A21 2015/2016"]
[Site "?"]
[Date "2016.02.07"]
[Round "8.2"]
[White "Holan, Jaroslav"]
[Black "Drozd, Jan"]
[Result "0-1"]
[WhiteElo "1467"]
[BlackElo "1561"]
[PlyCount "62"]
[EventDate "2015.??.??"]

1. e4 c5 2. Nc3 Nc6 3. f4 d6 4. Nf3 Nf6 5. Bb5 Bd7 6. O-O a6 7. Bc4 e6 8. a3
Be7 9. e5 dxe5 10. fxe5 Ng4 11. Qe2 Qc7 12. d3 Ngxe5 13. Bf4 Bd6 14. Ng5 O-O
15. Qh5 h6 16. Nge4 f6 17. Nxd6 Qxd6 18. Ne4 Qe7 19. Bb3 Be8 20. Qh3 f5 21. Ng3
Kh7 22. Rae1 Qf6 23. Bxe5 Nxe5 24. Ne4 Qe7 25. Bxe6 fxe4 26. Rxf8 Qxf8 27. Rxe4
Ng6 28. Qe3 Bc6 29. Rg4 Qf6 30. Bb3 Rf8 31. Qc1 Qf2+ 0-1

[Event "SR 4. liga A21 2015/2016"]
[Site "?"]
[Date "2016.02.07"]
[Round "8.3"]
[White "Kocak, Branislav"]
[Black "Sobek, Michal"]
[Result "1/2-1/2"]
[WhiteElo "1900"]
[BlackElo "1875"]
[PlyCount "70"]
[EventDate "2015.??.??"]

1. d4 d5 2. Nf3 Nf6 3. Bf4 Bf5 4. e3 e6 5. Bd3 Bg6 6. Ne5 Nh5 7. Bg3 Nd7 8. Qe2
c5 9. Bb5 Nhf6 10. Bh4 Qa5+ 11. Nc3 a6 12. Bxd7+ Nxd7 13. Nxd7 Kxd7 14. O-O c4
15. e4 Bd6 16. Qf3 Kc6 17. a3 dxe4 18. Nxe4 Qf5 19. Qxf5 Bxf5 20. Nxd6 Kxd6 21.
c3 Kd5 22. Rfe1 f6 23. Bg3 g5 24. f3 h5 25. h4 g4 26. fxg4 Bxg4 27. Rf1 Bf5 28.
Rae1 Rhg8 29. Bf4 Rae8 30. g3 Rc8 31. Re3 Kc6 32. Kh2 Kb5 33. Bd6 Rg7 34. d5
Bd3 35. Rxf6 exd5 1/2-1/2

[Event "SR 4. liga A21 2015/2016"]
[Site "?"]
[Date "2016.02.07"]
[Round "8.3"]
[White "Nemeckay, Rastislav"]
[Black "Bilovsky, Milan"]
[Result "1/2-1/2"]
[WhiteElo "2014"]
[BlackElo "1926"]
[PlyCount "37"]
[EventDate "2015.??.??"]

1. e4 c5 2. Nf3 e6 3. d4 cxd4 4. Nxd4 Nf6 5. Bd3 Nc6 6. c3 a6 7. O-O d6 8. Qe2
Be7 9. Rd1 Qc7 10. Bf4 e5 11. Nxc6 bxc6 12. Bg3 O-O 13. Nd2 Bg4 14. f3 Be6 15.
Nf1 Nh5 16. Rac1 Rab8 17. b3 a5 18. Be1 Nf4 19. Qc2 1/2-1/2

[Event "SR 4. liga A21 2015/2016"]
[Site "?"]
[Date "2016.02.07"]
[Round "8.3"]
[White "Brunovsky, Peter"]
[Black "Klimes, Karel"]
[Result "1/2-1/2"]
[WhiteElo "1831"]
[BlackElo "1653"]
[PlyCount "77"]
[EventDate "2015.??.??"]

1. c4 e5 2. e4 Nf6 3. d3 Bc5 4. g3 d6 5. h3 Nc6 6. Ne2 Be6 7. Bg2 h6 8. O-O Qd7
9. Kh2 Nh7 10. f4 exf4 11. gxf4 f5 12. d4 Nxd4 13. Nxd4 Bxc4 14. Re1 O-O-O 15.
Nc3 g6 16. Be3 Rde8 17. exf5 gxf5 18. Qf3 Ba6 19. Nb3 Bb4 20. Bd4 Rhg8 21. a3
Bxc3 22. Bxc3 Qf7 23. Nd2 Nf6 24. Bxf6 Qxf6 25. b4 Rxe1 26. Rxe1 Qb2 27. Qd5
Qg7 28. Qxf5+ Kb8 29. Qg4 Qf7 30. Qf3 c6 31. Ne4 Qe7 32. Rd1 d5 33. Nc3 Qf6 34.
Re1 Qh4 35. Re5 d4 36. Na4 d3 37. Nc5 Bc4 38. Qe3 Rd8 39. Ne4 1/2-1/2

[Event "SR 4. liga A21 2015/2016"]
[Site "?"]
[Date "2016.02.07"]
[Round "8.3"]
[White "Wallner, Juraj"]
[Black "Hrubos, Milan"]
[Result "1/2-1/2"]
[WhiteElo "1545"]
[BlackElo "1763"]
[PlyCount "117"]
[EventDate "2015.??.??"]

1. e4 c5 2. Nf3 d6 3. d4 cxd4 4. Nxd4 Nf6 5. Nc3 g6 6. Be3 Bg7 7. h3 Nc6 8. Qd2
Bd7 9. Be2 Rc8 10. Nxc6 Bxc6 11. Bxa7 Nxe4 12. Nxe4 Bxe4 13. Bb5+ Bc6 14. Bxc6+
Rxc6 15. c3 O-O 16. O-O b6 17. Qd3 Qc7 18. Qa6 Ra8 19. Bxb6 Rxa6 20. Bxc7 Rxc7
21. Rfe1 e6 22. Re3 d5 23. Re2 d4 24. cxd4 Bxd4 25. Rd1 Bf6 26. b3 Ra3 27. Kf1
Rca7 28. Rdd2 h5 29. Rc2 Be7 30. g4 hxg4 31. hxg4 Rd7 32. Re4 Rd1+ 33. Kg2 Ra1
34. Ree2 Kg7 35. f4 Ra7 36. Rf2 Ra5 37. Kf3 Ba3 38. Rfe2 Rd5 39. Ke4 Rad1 40.
Rc4 R1d3 41. Re3 f5+ 42. gxf5 gxf5+ 43. Kf3 Rxe3+ 44. Kxe3 Bc1+ 45. Rxc1 e5 46.
fxe5 Rxe5+ 47. Kf4 Re2 48. a4 Rf2+ 49. Ke3 Rh2 50. Rb1 Kf6 51. a5 Ke5 52. b4
f4+ 53. Kf3 Rh3+ 54. Kg2 Ra3 55. Rb2 Kd4 56. Rf2 Ke4 57. Re2+ Kd5 58. Kf2 Rb3
59. Rd2+ 1/2-1/2

[Event "SR 4. liga A21 2015/2016"]
[Site "?"]
[Date "2016.02.07"]
[Round "8.3"]
[White "Kanka, Tomas"]
[Black "Tomasovic, Roman"]
[Result "1-0"]
[WhiteElo "1693"]
[BlackElo "1547"]
[PlyCount "25"]
[EventDate "2015.??.??"]

1. e4 e5 2. Nf3 Nc6 3. Bc4 Bc5 4. b4 Bxb4 5. c3 Ba5 6. d4 exd4 7. O-O d6 8.
cxd4 Bb6 9. Qb3 Nh6 10. Bxh6 gxh6 11. Bxf7+ Kf8 12. Bh5 Rg8 13. Qf7# 1-0

[Event "SR 4. liga A21 2015/2016"]
[Site "?"]
[Date "2016.02.07"]
[Round "8.4"]
[White "Slaby, Jozef"]
[Black "Sefcik, Marek"]
[Result "0-1"]
[WhiteElo "1799"]
[BlackElo "2040"]
[PlyCount "76"]
[EventDate "2015.??.??"]

1. Nf3 Nc6 2. c4 e5 3. d3 d5 4. cxd5 Qxd5 5. Nc3 Bb4 6. a3 Bxc3+ 7. bxc3 Bg4 8.
Rb1 b6 9. Qa4 Bd7 10. Qc2 Nf6 11. g3 e4 12. dxe4 Nxe4 13. Bg2 Qc4 14. Bd2 Nxd2
15. Qxd2 O-O-O 16. Rc1 Rhe8 17. e3 Bg4 18. Qb2 Rd6 19. h3 Bf5 20. Nd4 Nxd4 21.
cxd4 Qxd4 22. Qxd4 Rxd4 23. O-O Rd3 24. Ra1 c5 25. h4 Be4 26. Bh3+ Kc7 27. a4
Red8 28. f3 Bc6 29. e4 R8d4 30. Ra2 Bxa4 31. Bg4 a5 32. h5 Rd2 33. Rxd2 Rxd2
34. e5 Rd1 35. f4 Rxf1+ 36. Kxf1 Bb3 37. h6 gxh6 38. Bf5 a4 0-1

[Event "SR 4. liga A21 2015/2016"]
[Site "?"]
[Date "2016.02.07"]
[Round "8.4"]
[White "Horak, Ivan"]
[Black "Vagovic, Milan"]
[Result "1-0"]
[WhiteElo "2035"]
[BlackElo "1609"]
[PlyCount "95"]
[EventDate "2015.??.??"]

1. e4 c5 2. Nc3 Nc6 3. f4 d6 4. Nf3 g6 5. g3 Bg7 6. Bg2 e6 7. d3 Nge7 8. O-O
O-O 9. Ne2 Qc7 10. c3 b6 11. Be3 Bb7 12. Qd2 d5 13. e5 Nf5 14. Bf2 h5 15. h3
Rad8 16. d4 cxd4 17. cxd4 Rc8 18. Rfc1 Qd7 19. g4 hxg4 20. hxg4 Nh6 21. Bh3 Rc7
22. Be3 Kh7 23. Kg2 Rh8 24. Rc2 Kg8 25. Rac1 Kf8 26. b4 Rc8 27. b5 Na5 28.
Rxc8+ Bxc8 29. Qb4+ Ke8 30. a4 Bf8 31. Qc3 Nc4 32. Bf2 a5 33. Qd3 Bb4 34. Bh4
Be7 35. Be1 Kf8 36. Ng3 Kg7 37. Nf1 Bb7 38. Ng3 Rc8 39. Bf2 Bb4 40. f5 gxf5 41.
gxf5 Rg8 42. f6+ Kh8 43. Rh1 Rg6 44. Bg4 Bf8 45. Bh5 Rg8 46. Nh2 Nxe5 47. dxe5
d4+ 48. Bf3 1-0

[Event "SR 4. liga A21 2015/2016"]
[Site "?"]
[Date "2016.02.07"]
[Round "8.4"]
[White "Slaba, Andrea"]
[Black "Chabada, Tomas"]
[Result "1-0"]
[WhiteElo "1768"]
[BlackElo "1950"]
[PlyCount "109"]
[EventDate "2015.??.??"]

1. Nf3 Nf6 2. c4 c6 3. d4 d5 4. e3 e6 5. Bd3 Nbd7 6. b3 Bb4+ 7. Bd2 Qa5 8. Bxb4
Qxb4+ 9. Qd2 Qxd2+ 10. Nbxd2 O-O 11. O-O b6 12. e4 dxe4 13. Nxe4 Nxe4 14. Bxe4
Bb7 15. Ne5 Nxe5 16. dxe5 Rad8 17. Rad1 Ba8 18. b4 f5 19. Bf3 Kf7 20. c5 Rxd1
21. Rxd1 Ke7 22. Rd6 Rd8 23. Kf1 bxc5 24. bxc5 Rxd6 25. cxd6+ Kd7 26. Ke2 Bb7
27. Kd2 Ba6 28. Be2 Bb5 29. Bxb5 cxb5 30. Kc3 a5 31. Kd4 Kc6 32. f4 h6 33. h3
g5 34. g3 gxf4 35. gxf4 a4 36. Kc3 Kd7 37. Kb4 Kc6 38. a3 Kb6 39. d7 Kc7 40.
d8=Q+ Kxd8 41. Kxb5 Kc7 42. Kxa4 Kc6 43. Kb4 Kd5 44. a4 Ke4 45. a5 Kxf4 46. a6
Kxe5 47. a7 Kf4 48. a8=Q e5 49. Qc6 e4 50. Qxh6+ Kf3 51. Kc3 f4 52. Kd2 e3+ 53.
Ke1 Kg3 54. Qg5+ Kxh3 55. Qxf4 1-0

[Event "SR 4. liga A21 2015/2016"]
[Site "?"]
[Date "2016.02.07"]
[Round "8.4"]
[White "Husek, Lubomir"]
[Black "Pripko, Bystrik"]
[Result "1-0"]
[WhiteElo "1884"]
[BlackElo "1666"]
[PlyCount "97"]
[EventDate "2015.??.??"]

1. e4 e5 2. f4 exf4 3. Nf3 Bc5 4. d4 Bb6 5. Bxf4 d6 6. Bc4 Be6 7. Bxe6 fxe6 8.
O-O h6 9. c3 Nc6 10. Na3 a6 11. Qd2 Qd7 12. b4 O-O-O 13. Kh1 g5 14. Be3 Nce7
15. Nc4 Ba7 16. a4 b6 17. Qd3 Kb8 18. Nfd2 Nc8 19. Nb2 Kb7 20. c4 c6 21. Rf2
Nce7 22. Raf1 Ng6 23. Rf7 N8e7 24. Qb3 Rdf8 25. c5 dxc5 26. bxc5 b5 27. Nbc4
Ka8 28. Nb6+ Bxb6 29. cxb6 Rxf7 30. Rxf7 Rf8 31. Rxf8+ Nxf8 32. a5 Nc8 33. Qc3
Nd6 34. Qc5 Kb7 35. e5 Nf5 36. Bg1 Ng6 37. Ne4 Qd5 38. Qxd5 cxd5 39. Nc5+ Kc6
40. Nxa6 Nf8 41. Nc5 Ne7 42. b7 Kc7 43. a6 Kb8 44. Be3 Nc6 45. h4 b4 46. hxg5
hxg5 47. Bxg5 Nxd4 48. Be7 b3 49. Bd6+ 1-0